000 00942nam0a22002291i 4500
001 rc\1003239
005 20240726103156.0
035 _a(NLR Aleph) 006169277
090 _a5946914
_c5946914
100 _a20041129d1981 u |0rusy50 ca
101 0 _arus
102 _aRU
105 _ay |||||||||
200 1 _aОбъективные словосочетания в английском и адыгейском языках
_e(Сопоставит. исслед.)
_eАвтореф. дис. на соиск. учен. степ. канд. филол. наук
_e(10.02.04; 10.02.09)
210 _aМ.
_d1981
215 _a16 с.
300 _aВ надзаг.: Моск. гос. пед. ин-т им. В.И. Ленина, Специализир. совет К.113.08.19
700 1 _aШадже
_bЗ.М.
_gЗариет Мухамчериевна
801 0 _aRU
_bNLR
_gpsbo
801 1 _aRU
_bELAR
_2rusmarc
852 _aNLR
_j82-4/14255
942 _cBOOK